| 000 | 01622cam a22004214i 4500 | ||
|---|---|---|---|
| 003 | PE-LiUPU | ||
| 005 | 20250731173148.0 | ||
| 008 | 150623s r 000 0 d | ||
| 035 | _a(Sirsi) a28122 | ||
| 040 |
_aPE-LiUPU _bspa _cPE-LiUPU _erda |
||
| 082 | 0 | 4 |
_a231.6 _bN38 _221 |
| 100 | 1 |
_aDwight K. Nelson, _eautor. |
|
| 245 | 1 | 4 |
_aThe eleventh commandment : _ba fresh look at loving your neighbor as yourself / _cDwight K. Nelson. |
| 264 | 1 |
_aNampa, Idaho : _bPacific Press Publishing Association, _c2001. |
|
| 300 |
_a128 páginas ; _c23 cm. |
||
| 336 |
_atext _2rdacontent |
||
| 337 |
_aunmediated _2rdamedia |
||
| 338 |
_avolume _2rdacarrier |
||
| 504 | _aIncluye bibliografía al final de cada capítulo. | ||
| 505 | 0 | _aA word before. The eleventh commandment. Ten dozen toes at the secret shrine. A taste of new wine. Choking on a camel. "Called to hate". ER. Gluing the goblet back together. The good sam club. A word after. | |
| 526 | _aSEG42 | ||
| 526 | _aSEG41 | ||
| 526 | _aSEG40 | ||
| 526 | _aSEG39 | ||
| 526 | _aP94 | ||
| 526 | _aP87 | ||
| 526 | _aP86 | ||
| 526 | _aP85 | ||
| 526 | _aP77 | ||
| 526 | _aP76 | ||
| 526 | _aP35 | ||
| 650 | 0 | 4 |
_aAmor _xCristianismo. |
| 942 |
_2ddc _cBOOK |
||
| 949 |
_a231.6 N38 _wDEWEY _c1 _i53369 _lCCODEBUL1 _mBUL _p11.00 _r0 _sY _tBOOK _u2015-06-24 _xTEOLOGIA _PP35 _0COMPRA _o.STAFF. Colección General |
||
| 596 | _a1 | ||
| 999 |
_a231.6 N38 _wDEWEY _c35336 _i53369 _f2021-11-11 _g5 _lCCODEBUL1 _mBUL _p11.00 _r0 _sY _tBOOK _u2015-6-24 _xTEOLOGIA _PP35 _0COMPRA _o.STAFF. Colección General _d35336 |
||
| 980 |
_81 _gALBERTO SANCHEZ Responsable de Automatización |
||